Pod železnou rukou, neboli, Jak se volí v páté kurii : návod k volbám ve všeobecné třídě voličů /

Hlavní autor: Steiner, Josef, 1862-1912
Jazyk: Čeština
Vydáno: V Praze : Sociální Demokrat, 1896
Témata:
Externí odkaz: Digitalizovaný dokument
Fyzický popis: 25 s. ; 15 cm
Knihy
Uloženo v:
LEADER 01261nam a22003612a 4500
001 001121488
003 CZ BrMZK
005 20110505113606.0
007 ta
008 101012s1896 xr er|||||||||||cze d
015 |a cnb001326508  |z cnb001753073 
020 |q (Brož.) 
035 |a (OCoLC)85111964 
040 |a ABA001  |b cze 
043 |a e-xr--- 
045 |a w9w9 
072 7 |a 324  |x Volby, volební kampaně, referenda  |2 Konspekt  |9 15 
080 |a 324  |2 MRF 
080 |a (437.3)  |2 MRF 
080 |a (036)  |2 MRF 
100 1 |a Steiner, Josef,  |d 1862-1912  |7 jk01121071  |4 aut 
245 1 0 |a Pod železnou rukou, neboli, Jak se volí v páté kurii :  |b návod k volbám ve všeobecné třídě voličů /  |c Josef Steiner 
246 3 0 |a Jak se volí v páté kurii 
260 |a V Praze :  |b Sociální Demokrat,  |c 1896  |f (Jos. Hippmann) 
300 |a 25 s. ;  |c 15 cm 
648 4 |a 1897 
650 0 7 |a volby  |7 ph116629  |z Česko  |y 19. stol.  |2 czenas 
655 7 |a informační publikace  |7 fd132454  |2 czenas 
856 4 1 |u http://kramerius.nkp.cz/kramerius/handle/ABA001/11850696  |y Digitalizovaný dokument 
910 |a BOA001  |b 1-0249.593 
990 |a BK 
991 |b 201010 
996 6 |b 2619371816  |c 1-0249.593  |l MZK  |r Sklad / do 1 hodiny  |n 0  |w 001149686  |u 000010  |a 1  |e BOA001  |j MZK50  |s P